000 00489nam a2200181Ia 4500
001 23077
005 20260414150913.0
008 260414t2009||||xx |||||||||||||| ||spa||
041 _aESP
082 _a624.1834
_bI59
110 _aInstituto Mexicano del Cemento y del Concreto
245 0 _aGuia para el concreto estructural de agregados de peso ligero ACI 213
_b
260 _c2009
300 _a65 páginas :
_c27 cm.
650 _a0
654 _aCIC
942 _cLIB
_dJUS
_fJUS
_2ddc
_n
999 _c23077
_d23077